NBA 2K23 Highest-Rated Player in Franchise History - Statistics

General Stats
  • This quiz has been taken 1,055 times
  • The average score is 30 of 39
Answer Stats
Team Rating Player % Correct
Cleveland Cavaliers 99 LeBron James
98%
Miami Heat 99 LeBron James
98%
Chicago Bulls 99 Michael Jordan
98%
Milwaukee Bucks 99 Kareem Abdul-Jabbar
96%
Boston Celtics 98 Larry Bird
94%
Los Angeles Lakers 98 Kobe Bryant
92%
Los Angeles Lakers 98 Shaquille O'Neal
91%
Oklahoma City Thunder 97 Kevin Durant
90%
Golden State Warriors 98 Wilt Chamberlain
90%
Boston Celtics 98 Bill Russell
88%
Dallas Mavericks 98 Dirk Nowitzki
88%
Utah Jazz 97 Karl Malone
88%
Philadelphia 76ers 97 Moses Malone
88%
Los Angeles Clippers 95 Kawhi Leonard
87%
Toronto Raptors 96 Kawhi Leonard
87%
Los Angeles Lakers 98 Magic Johnson
86%
Houston Rockets 98 Hakeem Olajuwon
85%
San Antonio Spurs 98 Tim Duncan
85%
Minnesota Timberwolves 98 Kevin Garnett
83%
Brooklyn Nets 97 Julius Erving
82%
New Orleans Pelicans 97 Chris Paul
80%
Memphis Grizzlies 89 Ja Morant
79%
Utah Jazz 97 John Stockton
79%
Detroit Pistons 95 Isiah Thomas
77%
Denver Nuggets 95 Carmelo Anthony
76%
Atlanta Hawks 95 Dominique Wilkins
76%
Phoenix Suns 96 Steve Nash
76%
Toronto Raptors 96 Vince Carter
75%
Sacramento Kings 97 Oscar Robertson
71%
Portland Trail Blazers 96 Clyde Drexler
68%
Indiana Pacers 93 Paul George
67%
Orlando Magic 95 Tracy McGrady
63%
Atlanta Hawks 95 Bob Pettit
56%
Washington Wizards 94 Wes Unseld
53%
New York Knicks 97 Walt Frazier
52%
Memphis Grizzlies 89 Zach Randolph
49%
Washington Wizards 94 Elvin Hayes
41%
Charlotte Hornets 90 Glen Rice
35%
Denver Nuggets 95 David Thompson
27%
No matching quizzes found
Score Distribution
Percent of People with Each Score
Percentile by Number Answered
Your Score History
You have not taken this quiz